5HLuxD.jpg

KING HENRY VIII SENIOR AND PRIMARY SCHOOL LIBRARY OPAC

The heart of Robin Hood / (Record no. 2959)

000 -LEADER
fixed length control field 00600cam a2200217 a 4500
001 - CONTROL NUMBER
control field 17087538
003 - CONTROL NUMBER IDENTIFIER
control field OSt
005 - DATE AND TIME OF LATEST TRANSACTION
control field 20230913133748.0
008 - FIXED-LENGTH DATA ELEMENTS--GENERAL INFORMATION
fixed length control field 111114s2011 enk 000 0 eng
010 ## - LIBRARY OF CONGRESS CONTROL NUMBER
LC control number 2011508215
020 ## - INTERNATIONAL STANDARD BOOK NUMBER
International Standard Book Number 9780571283552 (pbk.)
040 ## - CATALOGING SOURCE
Original cataloging agency DLC
Transcribing agency DLC
Modifying agency KH8
042 ## - AUTHENTICATION CODE
Authentication code pcc
082 ## - DEWEY DECIMAL CLASSIFICATION NUMBER
Classification number 822.92 FAR
100 1# - MAIN ENTRY--PERSONAL NAME
Personal name Farr, David,
Dates associated with a name 1969-
Relator term author.
245 14 - TITLE STATEMENT
Title The heart of Robin Hood /
Statement of responsibility, etc. David Farr.
260 ## - PUBLICATION, DISTRIBUTION, ETC.
Place of publication, distribution, etc. London :
Name of publisher, distributor, etc. Faber and Faber,
Date of publication, distribution, etc. 2011.
300 ## - PHYSICAL DESCRIPTION
Extent 96 p. ;
Dimensions 20 cm.
942 ## - ADDED ENTRY ELEMENTS (KOHA)
Source of classification or shelving scheme
Koha item type Teaching Resources
Holdings
Withdrawn status Lost status Source of classification or shelving scheme Damaged status Not for loan Collection code Permanent Location Current Location Shelving location Date acquired Total Checkouts Full call number Barcode Date due Date last seen Date last checked out Price effective from Koha item type
          Teaching Resources KH8 Senior School Library KH8 Senior School Library Staff Office 2023-09-13 2 822.92 FAR TRKHSL003111 2026-07-03 2025-08-27 2025-08-27 2023-09-13 Teaching Resources

Powered By KH8 IT Dept